| 000 | 01060nam a2200253 a 4500 | ||
|---|---|---|---|
| 999 |
_c448000 _d448000 |
||
| 003 | BLK | ||
| 005 | 20230628135148.0 | ||
| 008 | 220302b bul|||||r ||||||| ||bul|| | ||
| 040 | _aBLK | ||
| 041 |
_aBUL _cBUL |
||
| 080 |
_aТеатрална музика. Опера. Оперета. Балет _b782 _x(497.215)(062) _z782(497.215)(062) |
||
| 139 | _bП 35 | ||
| 245 | 1 | 0 |
_aПенка Дилова _bМеццо-сопрано _h[Малотир. изд.] |
| 260 |
_aСофия _cб. г. _9471310 |
||
| 300 |
_a1 л. _bс ил. _c30Х45, сгънат до 22Х11 см |
||
| 380 | _a7 | ||
| 500 | _aИзд. на Центр пропаганды и информации при Государственном объединении "Театр и музика" София Текст и на фр. ез. | ||
| 653 | 0 |
_9471045 _aРусенска опера |
|
| 653 | 7 |
_9196907 _aсолисти |
|
| 653 | 0 |
_9471314 _aПенка Дилова |
|
| 852 |
_bК _cК 78/П 35 |
||
| 942 |
_cKNG _n0 _s1 _01 |
||
| 944 |
_aCR _c2022-03-10 _kХристина Везирева |
||